000 00231nam a22000977a 4500
008 250718b |||||||| |||| 00| 0 eng d
020 _a9789362391568
100 _aOswaal
_97599
245 _aOswaal
260 _aNew Delhi
_bOswaal
_c2025
999 _c12785
_d12785